The 6th target/ (Record no. 7100)

MARC details
000 -LEADER
fixed length control field 00835nam a22002657a 4500
003 - CONTROL NUMBER IDENTIFIER
control field OSt
005 - DATE AND TIME OF LATEST TRANSACTION
control field 20251216022207.0
008 - FIXED-LENGTH DATA ELEMENTS--GENERAL INFORMATION
fixed length control field 251216b |||||||| |||| 00| 0 eng d
020 ## - INTERNATIONAL STANDARD BOOK NUMBER
International Standard Book Number 10 : 0-446-19895-1
040 ## - CATALOGING SOURCE
Original cataloging agency DWCL Main Lib.
Transcribing agency OC
082 ## - DEWEY DECIMAL CLASSIFICATION NUMBER
Classification number Fic. P317s 2007
100 ## - MAIN ENTRY--PERSONAL NAME
Personal name Patterson, James
245 ## - TITLE STATEMENT
Title The 6th target/
Statement of responsibility, etc. James Patterson
260 ## - PUBLICATION, DISTRIBUTION, ETC.
Place of publication, distribution, etc. N.Y. :
Name of publisher, distributor, etc. Vision,
Date of publication, distribution, etc. c2007.
300 ## - PHYSICAL DESCRIPTION
Extent 401 p. ;
Dimensions 17cm.
650 ## - SUBJECT ADDED ENTRY--TOPICAL TERM
Topical term or geographic name entry element 1. Children of the rich-Crimes against-fiction.
650 ## - SUBJECT ADDED ENTRY--TOPICAL TERM
Topical term or geographic name entry element 2. Female friendship-Fiction.
650 ## - SUBJECT ADDED ENTRY--TOPICAL TERM
Topical term or geographic name entry element 3. Kidnapping-Fiction.
650 ## - SUBJECT ADDED ENTRY--TOPICAL TERM
Topical term or geographic name entry element 4. Mentally ill offenders-Fiction.
650 ## - SUBJECT ADDED ENTRY--TOPICAL TERM
Topical term or geographic name entry element 5. Murderes-Fiction.
650 ## - SUBJECT ADDED ENTRY--TOPICAL TERM
Topical term or geographic name entry element 6. San Francisco (Calif.)-Fiction.
650 ## - SUBJECT ADDED ENTRY--TOPICAL TERM
Topical term or geographic name entry element 7. Women detectives-California-San Francisco-Fiction.
700 ## - ADDED ENTRY--PERSONAL NAME
Personal name Paetro, Maxine
942 ## - ADDED ENTRY ELEMENTS (KOHA)
Source of classification or shelving scheme Dewey Decimal Classification
Koha item type Fiction
Call number prefix Fic.
Suppress in OPAC No
952 ## - LOCATION AND ITEM INFORMATION (KOHA)
--
Holdings
Withdrawn status Lost status Source of classification or shelving scheme Damaged status Not for loan Home library Current library Shelving location Date acquired Source of acquisition Total Checkouts Full call number Barcode Date last seen Copy number Price effective from Koha item type Uniform Resource Identifier
    Dewey Decimal Classification     College Library College Library Fiction 11/03/2011 School Fund   Fic. P317s 2007 CL48768 12/16/2025 c1 12/16/2025 FIC.